Les Origenes du mouvement ouvrier au Guatemala: 1878-1932 /

Zapisane w:
Opis bibliograficzny
1. autor: Taracena Arriola, Arturo
Format: Praca dyplomowa
Wydane: París: Ecole des Hautes Etudes en Sciences Sociales
Etykiety: Dodaj etykietę
Nie ma etykietki, Dołącz pierwszą etykiete!

MARC

LEADER 00000 a a2200000 04500
001 20934
003
040 |a CRAI/IIS  |c CRAI/IIS 
090 |a 08980.00  
100 |a Taracena Arriola, Arturo  
245 |a Les Origenes du mouvement ouvrier au Guatemala: 1878-1932 /  |c Arturo Taracena Arriola  
260 |a París:   |b Ecole des Hautes Etudes en Sciences Sociales  
300 |a 430 páginas  
502 |a Tesis (Doctor en Ciencias Sociales) -- Ecole des Hautes Etudes en Sciences Sociales, 1982  
999 |c 18159  |d 18159